Activities manual/Study guide to accompany : Looking out/Looking in

It presents this material in a clear and relevant fashion for students. It covers topics of significant importance for the personal and relational growth of students. It is easy to teach from. The ancillary materials are excellent and further the instruction quality of the texta]This is one of the m...

Descripció completa

Guardat en:
Dades bibliogràfiques
Autor principal: Adler, Ronald B.
Format: Llibre
Idioma:Undetermined
Publicat: Fort Worth, Texas Harcourt Brace College 1996
Matèries:
Etiquetes: Afegir etiqueta
Sense etiquetes, Sigues el primer a etiquetar aquest registre!
Thư viện lưu trữ: Trung tâm Học liệu Trường Đại học Cần Thơ
LEADER 01039nam a2200205Ia 4500
001 CTU_43957
008 210402s9999 xx 000 0 und d
082 |a 371.3 
082 |b A237 
100 |a Adler, Ronald B. 
245 0 |a Activities manual/Study guide to accompany : 
245 0 |b Looking out/Looking in 
245 0 |c Ronald B. Adler, Neil Towne ; Prepared by Mary O. Wiemann 
260 |a Fort Worth, Texas 
260 |b Harcourt Brace College 
260 |c 1996 
520 |a It presents this material in a clear and relevant fashion for students. It covers topics of significant importance for the personal and relational growth of students. It is easy to teach from. The ancillary materials are excellent and further the instruction quality of the texta]This is one of the most teacher and student friendly books in the field. Excellent visuals in the chapters and excellent applications and exercises 
650 |a Study skills,Teaching methods 
904 |i Minh 
980 |a Trung tâm Học liệu Trường Đại học Cần Thơ